000
00271nam a22001337a 4500
082
_a
823
_b
GRA/W
100
_a
GRAHAME KENNETH
245
_a
THE WIND AND THE WILLOWS
250
_a
1
260
_b
LADY BIRD
300
_a
51
650
_a
ENGLISH SHORT STORY
942
_c
BK
999
_c
1969
_d
1969